000 00528nam a2200181 a 4500
005 20240919064301.0
008 991125s1968 es 000 0 spa u
035 _aUPN01000004516
049 _aCG
050 4 _aNK1510
_bM8.28
100 1 _aMunari, Bruno,
_d1907-1998
_933561
245 1 3 _aEl arte como oficio /
_cBruno Munari ; tr. y pról. Juan-Eduardo Cirot.
260 _aBarcelona, Esp. :
_bLabor,
_c1968.
300 _a175 p. :
_bil.
440 0 _aNueva colección Labor ;
_v80
650 2 _aDiseño
_914202
905 _aLibro
999 _c4516
_d4516